00976 2200217 4500001002100000005001500021035002000036245005000056100001600106250001700122300002800139260003900167082000800206084001400214020002200228650002100250520041200271500001800683008004100701990001600742INLIS00000000000002320240319064752 a0010-03240000231 aApa Itu Haram :bWhat Is Haram /cAli Muakhir0 aAli Muakhir acetakan ke-1 a32 hlm :bilus ;c18 cm aBumi Aksara Kids :bJakarta,c2009 a2X4 a2X4 ALI a a978-979-010-513-3 4aCerita Bergambar aApa itu Haram? Kalian pernah mendengar tentang Hukum Haram? Kalian tahu maksudnya? Haram adalah sesuatu yang dilarang untuk dilakukan oleh hukum Islam. Perbuatan yang diharamkan misalnya, durhaka pada orangtua, bermusuhan, memakan binatang yang diharamkan, dan sebagainya. Dalam buku ini, beberapa contoh perbuatan yang diharamkan, dijelaskan dengan sangat menghibur, sehingga kalian mudah memahaminya aSeri Muamalah240319 0  a00000000023